| Tag |
First Indicator |
Second Indicator |
Subfields |
| LEADER |
00000cam a2200000 a 4500 |
| 001 |
in00001120708 |
| 005 |
20150930080826.0 |
| 008 |
910509m19909999mdu bf 000 0 eng |
| 010 |
|
|
|a 91151041
|
| 020 |
|
|
|a 0961049499
|
| 035 |
|
|
|a (OCoLC)23970649
|
| 035 |
|
|
|9 AFW9218AM
|
| 040 |
|
|
|a DLC
|c DLC
|d OCL
|d UtOrBLW
|
| 043 |
|
|
|a n-us---
|a e-uk---
|
| 049 |
|
|
|a TXAM
|
| 050 |
0 |
0 |
|a Z1033.F53
|b A38 1990
|
| 082 |
0 |
0 |
|a 016.094/4
|2 20
|
| 100 |
1 |
|
|a Ahearn, Allen.
|
| 245 |
1 |
0 |
|a Author price guides /
|c compiled by Allen Ahearn and Patricia Ahearn.
|
| 264 |
|
1 |
|a Rockville, Md. :
|b Q&B,
|c [1990-]
|
| 264 |
|
4 |
|c ©1990-
|
| 300 |
|
|
|a volumes ;
|c 24 cm.
|
| 336 |
|
|
|a text
|b txt
|2 rdacontent
|
| 337 |
|
|
|a unmediated
|b n
|2 rdamedia
|
| 338 |
|
|
|a volume
|b nc
|2 rdacarrier
|
| 500 |
|
|
|a Includes indexes.
|
| 650 |
|
0 |
|a First editions.
|
| 650 |
|
0 |
|a English imprints
|x Collectors and collecting
|v Handbooks, manuals, etc.
|
| 650 |
|
0 |
|a American literature
|y 20th century
|v Bibliography
|x First editions.
|
| 650 |
|
0 |
|a English literature
|y 20th century
|v Bibliography
|x First editions.
|
| 650 |
|
0 |
|a Books
|x Prices.
|
| 700 |
1 |
|
|a Ahearn, Patricia.
|
| 994 |
|
|
|a E0
|b TXA
|
| 999 |
|
|
|a MARS
|
| 999 |
f |
f |
|s 40b67c39-0266-3cd9-98e5-46708ef5aa43
|i 057ca2c3-33d9-3132-aea9-b08f5d850de8
|t 0
|
| 952 |
f |
f |
|p noncirc
|a Texas A&M University
|b College Station
|c Cushing Memorial Library & Archives
|d Cushing: Reference (Does not check out)
|t 0
|e Z1033.F53 A38
|h Library of Congress classification
|i unmediated -- volume
|
| 952 |
f |
f |
|p noncirc
|a Texas A&M University
|b College Station
|c Cushing Memorial Library & Archives
|d Cushing: Dykes (Does not check out)
|t 0
|e Z1033.F53 A38 1990
|h Library of Congress classification
|i unmediated -- volume
|k v.2
|m A14851939786
|
| 952 |
f |
f |
|p noncirc
|a Texas A&M University
|b College Station
|c Cushing Memorial Library & Archives
|d Cushing: Dykes (Does not check out)
|t 0
|e Z1033.F53 A38 1990
|h Library of Congress classification
|i unmediated -- volume
|k v.1
|m A14851939794
|
| 998 |
f |
f |
|a Z1033.F53 A38 1990
|s v.1-v.2
|t 0
|l Cushing: Dykes (Does not check out)
|
| 998 |
f |
f |
|a Z1033.F53 A38
|s no.130 (1993:Dec.)-no.174 (1999)
|t 0
|l Cushing: Reference (Does not check out)
|